00358nam a2200133Ia 4500008004100000020001500041041001200056082001600068100002100084245005900105260003300164300000800197650001900205221030s9999 xx 000 0 und d a8185095159 aEnglish a105.23bKri aV. Krishnamurthy 3aAn Introduction to Linear Algebracby V. Krishnamurthy bEast West PressaIndiac2002 a329 aBE Mathematics